Normal view
MARC view
Entry Personal Name
001 - CONTROL NUMBER
- control field: 50502
003 - CONTROL NUMBER IDENTIFIER
- control field: dpl
005 - DATE AND TIME OF LATEST TRANSACTION
- control field: 20120726145714.0
008 - FIXED-LENGTH DATA ELEMENTS
- fixed length control field: 120726|||a|||||| | ||| d
040 ## - CATALOGING SOURCE
- Original cataloging agency: dpl
- Transcribing agency: dpl
100 ## - HEADING--PERSONAL NAME
- Personal name: Akbar, M.K.
670 ## - SOURCE DATA FOUND
- Source citation: Work cat.: (dpl)68703: Akbar, M.K., Tinderbox;, 2011
670 ## - SOURCE DATA FOUND
- Source citation: Work cat.: (dpl)68703: Akbar, M.K., Tinderbox;, 2011
